Identifikace klíčových faktorů úspěchu internacionalizace malých a středních firem podnikajících v oboru strojírenství

Pojem globalizácia a internacionalizácia. Ukazovatele merania stupňa internacionalizácie firiem. Faktory internacionalizačného procesu. Špecifiká internacionalizácie malých a stredných firiem.

Gespeichert in:
Bibliographische Detailangaben
1. Verfasser: Kubíčková, Lea
Weitere Verfasser: Marková, Šárka
Format: Buchkapitel
Sprache:Tschechisch
Schlagworte:
Tags: Tag hinzufügen
Keine Tags, Fügen Sie das erste Tag hinzu!

MARC

LEADER 00000naa a2200000 4500
001 0148764
005 20231204134344.1
041 0 |a cze 
044 |a CZ 
245 1 0 |a Identifikace klíčových faktorů úspěchu internacionalizace malých a středních firem podnikajících v oboru strojírenství  |c Lea Kubíčková, Šárka Marková 
520 |a Pojem globalizácia a internacionalizácia. Ukazovatele merania stupňa internacionalizácie firiem. Faktory internacionalizačného procesu. Špecifiká internacionalizácie malých a stredných firiem. 
610 2 0 |a internacionalizácia 
610 2 0 |a globalizácia 
610 2 0 |a podnik malý 
610 2 0 |a podnik stredný 
610 2 0 |a podnik priemyselný 
610 2 0 |a priemysel strojársky 
610 2 0 |a kooperácia 
100 1 |a Kubíčková, Lea 
700 1 |a Marková, Šárka